Salvador Dalí : lletres i ninots : fons Dalí del Museu Abelló / edició a cura de Joan M. Minguet Batllori lletres i ninots :

ISBN: 84-607-2504-9
Publicado: Mollet del Vallès : Museu Abelló. Fundació Municipal d'Art , 2001
Descripción Física: 277 p. : il. col. ; 27 cm

MARC

LEADER 00000nam a2200000Ia 4500
001 17631
003 BGR
005 20260324175232.0
008 160829s2001 xx 000 0 cat d
020 |a 84-607-2504-9 
080 |a B-1-287 
245 |a Salvador Dalí :  |b  lletres i ninots :  |b  fons Dalí del Museu Abelló / edició a cura de Joan M. Minguet Batllori 
260 |a Mollet del Vallès :  |b Museu Abelló. Fundació Municipal d'Art,  |c 2001 
300 |a 277 p. :  |b  il. col. ;  |c 27 cm 
590 |a Bibliografia.  
590 |a Text en català, castellà i anglès.  
590 |a Catàleg de l'exposició realitzada al Museu Municipal Joan Abelló, Mollet del Vallès, del 8 de juny al 31 d'octubre de 2001, i al Centre Cultural de Caixa Terrassa, del 15 de novembre de 2001 al 6 de gener de 2002.  
590 |a Col·labora la Diputació de Barcelona. 
600 1 0 |a Dalí, Salvador  |d 1904-1989  |v Exposicions  |9 56491  |x Exposicions 
600 1 0 |a Abelló, Joan,  |d 1922-2008  |x Col·leccions d'art  |x Exposicions  |9 71846 
610 2 0 |a Museu Abelló  |x Catàlegs  |9 56446 
700 |a Minguet i Batllori, Joan M., ed.   |9 22468 
710 1 |a Barcelona (Catalunya : Província).  |b Diputació  |9 52408 
901 |a Arxiu 
942 |n 1  |2 udc  |c MON 
952 |0 0  |1 0  |4 0  |6 B1287  |7 1  |9 42230  |a Arxiu  |b Arxiu  |d 2016-12-01  |l 0  |o B-1-287  |p 17631  |r 2016-12-01 00:00:00  |w 2016-12-01  |y ARXIU 
999 |c 44677  |d 44677